Представление документа в формате RUSMARC

ПолеНазваниеЗначение
  Тип записи i
  Библиографический уровень m
001 Контрольный номер RU/IS/BASE/490707218
005 Дата корректировки 20201206204948.9
010 Индекс ISBN __
a ISBN 978-5-9677-1598-3 (в кор.)
d Цена 168-75
100 Данные общей обработки __
a Данные общей обработки 19150720d2011||||||| 0rusy0189 ca
101 Язык документа 0_
a Язык текста rus
102 Страна публикации __
a Страна публикации ru|
105 Кодированные данные (монография) __
a Кодированные данные (монография) nn|||||||||zy
127 Кодированные данные (звукозаписи-физические характеристики) __
a Продолжительность проигрывания 03 ч 29 мин
200 Заглавие и сведения об ответственности 1_
a Заглавие Иуда Искариот
e Сведения, относящиеся к заглавию [рассказ : с музыкальным сопровождением : 12+]
f Первые сведения об ответственности Леонид Андреев ; [читает Виктория Серебрянская ; ИДДК]
b Общее обозначение материала Звукозапись
210 Выходные данные __
a Место издания Москва
c Издательство 1С-Паблишинг
c Издательство Дистрибутор
d Дата издания 2011
215 Физическое описание __
a Объем 1 электрон. опт. диск (Audio CD)
c Иллюстрации/тип воспроизводства mp3, stereo
d Формат 12х14 см
225 Серия __
a Серия 1С: Аудиокниги
225 Серия __
a Серия Русская классика
230 Специфическая характеристика материала: электронные ресурсы __
a Обозначение и объем ресурса Электронные звуковые данные
323 Примечание о главных создателях, исполнителях, участниках __
a Примечание о главных создателях, исполнителях, участниках Серебрянская, В. (исполняет)
330 Аннотация __
a Аннотация В остросюжетном рассказе Леонида Андреева изложена авторская версия истории взаимоотношений Иисуса Христа с его учениками, в том числе с Иудой из Кариота, предавшим Учителя.« - А Иисус? Что ты думаешь об Иисусе? - наклонившись, спросил он громким шепотом. - Только не шути, прошу тебя. Иуда злобно взглянул на него: - А ты что думаешь? Петр испуганно и радостно прошептал: - Я думаю, что он - сын Бога живого. - Зачем же ты спрашиваешь? Что может тебе сказать Иуда, у которого отец козел!»
333 Примечание о целевом назначении __
a Примечание о целевом назначении 12+. Для детей старше 12 лет
337 Примечание о системных требованиях (электронные ресурсы) __
a Примечание о системных требованиях (электронные ресурсы) Системные требования: MS Windows ; Pentium 100 ; RAM 16 Мб ; SVGA, 800x600 ; CD-ROM ; зв. карта ; колонки или наушники ; мышь или аудиосистемы с поддержкой формата MP3: музыкальный центр ; CD/DVD-плеер и т.д.
606 Тематические рубрики __
a Основная рубрика Художественная литература
606 Тематические рубрики __
a Основная рубрика Русская литература XIX в. (произведения)
606 Тематические рубрики __
a Основная рубрика Русская литература XX в. (произведения)
610 Ключевые слова __
a Ключевые слова аудиопостановки
a Ключевые слова аудиоспектакли
a Ключевые слова инсценировки
a Ключевые слова радиопостановки
a Ключевые слова радиоспектакли
a Ключевые слова рассказы
a Ключевые слова тема Бога
a Ключевые слова тема предательства
a Ключевые слова тема расплаты
a Ключевые слова тема религии
a Ключевые слова тема смерти
686 Индексы других классификаций __
2 Код системы rubbks
a Классификационный индекс 84(2=411.2)53-4я04; ст84(2Рос=Рус)1-4я0
700 Автор _1
a Фамилия Андреев
b Имя Л. Н.
f Даты 1871-1919
g Полное личное имя Леонид Николаевич
4 Код отношения 070
711 Наименование организации. (Альтернативная ответственность) __
a Организация/ юрисдикция ИДДК
801 Источник записи _0
a Страна ru
b Организация Муниципальное бюджетное учреждение культуры "Централизованная библиотечная система" г. Сургут (Центральная городская библиотека им. А. С. Пушкина)
c Дата составления 20150720
g Правила каталогизации КиК/Коробейникова
801 Источник записи _1
a Страна ru
b Организация Муниципальное бюджетное учреждение культуры "Централизованная библиотечная система" г. Сургут (Центральная городская библиотека им. А. С. Пушкина)
c Дата составления 20150720
g Правила каталогизации КиК/Коробейникова
852 Данные о местонахождении __
j Шифр хранения 84(2=411.2)53-4я04
i Авторский знак А 65
901 Тип документа __
t Тип документа 0
903 Характеристики (МАРС) __
a Дата передачи 20150720
969 Тип издания __
a Тип издания аудиокнига; издание для слепых
990 Данные о заказе (DOS) __
j Количество экземпляров (DOS) 8
t N записи в КСУ для И/У (DOS) 201507